LEADER 00967nam a2200253 i 4500 001 000000165361 003 CaOOAMICUS 005 20071015000000.0 008 071015s1992 it u000 u ita u 013 $a142729 020 $a88-18-12101-4 040 $aSeMil$bita 100 1 $aCorda, Elettrio.$0(OLS)http://semarc/name/42072 245 10$aAtene Sarda :$bstoria di vita nuorese : 1886-1946 /$cElettrio Corda. 260 $aMilano :$bRusconi,$cCopyr. 1992. 300 $a215 p. :$briccamente ill. ;$c28x20 cm. 500 $aFondo Card. Giovanni Colombo. 850 $aSeMil 852 $aSeMil$W1$xVenegono$y1$m4Y V 46$j116555$B116555$CSeMilBibl$Z2$F128537 $81 941 1 $a3 961 $aLascito: Colombo Card. Giovanni 996 $6020$a88-18-12101-4$9(OLS)http://semarc/number/151723 996 $6245$aAtene Sarda :$bstoria di vita nuorese : 1886-1946$9(OLS)http://semarc/title/236087 996 $6260$aMilano :$bRusconi$9(OLS)http://semarc/publisher/30258 LEADER 01218nam a2200289 4500 001 000000346509 003 CaOOAMICUS 005 20210609115439.0 008 210609s2014 it 000 u ita r 020 $a978-88-6826-405-5 040 $aSeMil$bita 100 1 $aRenan, Ernest,$d<1823-1892>.$0(OLS)http://semarc/name/3159 240 10$aMarc-Aurčle et la fin du monde antique.$0(OLS)http://semarc/title/435703 245 10$aMarco Aurelio e la fine del mondo antico /$cErnest Renan. 264 1$aRoma :$bCastelvecchi,$c2014. 300 $a284 p. ;$c22 cm 490 1 $aRitratti 600 04$aMarco Aurelio .$0(OLS)http://semarc/subject/14592 650 4$aStoria romana.$0(OLS)http://semarc/subject/17020 830 0$aRitratti.$0(OLS)http://semarc/title/20872 850 $aSeMil 852 $aSeMil$W1$xVenegono$y1$m2T II 163/A$j227287$B237595$CSeMilBibl$Z2$F237595 $81 961 $aPerego don Stefano - Omaggio 996 $6020$a978-88-6826-405-5$9(OLS)http://semarc/number/293432 996 $6245$aMarco Aurelio e la fine del mondo antico$9(OLS)http://semarc/title/269486 996 $6264$aRoma :$bCastelvecchi$9(OLS)http://semarc/publisher/36831